| 000 | 00575nam a2200193Ia 4500 | ||
|---|---|---|---|
| 003 | GCL | ||
| 008 | 140319s9999 xx 000 0 ara d | ||
| 040 |
_aGCL / _cGCL |
||
| 082 | 0 | 4 |
_a327.12 _bر م |
| 100 | 1 | _aروبير حاتم | |
| 245 | 1 | 0 |
_aمن اسرائيل الى دمشق / _cروبير حاتم |
| 250 | _aالاولى | ||
| 260 |
_aالقاهرة : _bدار الحقيقة للطباعة والنشر ، _c2000 |
||
| 300 |
_a223 ص ؛ _c10 سم |
||
| 650 | 0 | 4 | _aالجواسيس |
| 650 | 0 | 4 | _aالجاسوسية |
| 650 | 0 | 4 | _aالموساد |
| 942 |
_2ddc _cBK |
||
| 999 |
_c5498 _d5498 |
||